Premier League Higher or Lower? #1 - Statistics

General Stats
  • This quiz has been taken 638 times
  • The average score is 10 of 20
Answer Stats
Hint Explanation Answer % Correct
𝗦𝗧𝗔𝗥𝗧: 𝗗𝗶𝗱𝗶𝗲𝗿 𝗗𝗿𝗼𝗴𝗯𝗮 (𝟮𝟱𝟰)

Steven Gerrard
254 (Drogba) < 504 (Gerrard) Higher
87%
Jimmy Floyd Hasselbaink 504 (Gerrard) > 288 (Hasselbaink) Lower
87%
Kasper Schmeichel 161 (Cudicini) < 284 (Schmeichel) Higher
71%
Robbie Fowler 221 (Hislop) < 379 (Fowler) Higher
66%
Peter Crouch 294 (Bellamy) < 468 (Crouch) Higher
65%
David Ginola 265 (Kompany) >195 (Ginola) Lower
59%
Damien Duff 269 (Ferguson) < 392 (Duff) Higher
53%
Craig Bellamy 258 (Henry) < 294 (Bellamy) Higher
49%
Shaka Hislop 392 (Duff) > 221 (Hislop) Lower
49%
Nick Barmby 379 (Fowler) > 343 (Barmby) Lower
49%
Gareth Bale 195 (Ginola) > 166 (Bale) Lower
48%
Gabriel Agbonlahor 284 (Schmeichel) > 322 (Agbonlahor) Higher
47%
Carlo Cudicini 150 (van Nistelrooy) < 161 (Cudicini) Higher
45%
Joe Hart 441 (Shearer) > 340 (Hart) Lower
42%
Duncan Ferguson 322 (Agbonlahor) > 269 (Ferguson) Lower
37%
Ruud van Nistelrooy 166 (Bale) > 150 (van Nistelrooy) Lower
34%
Vincent Kompany 340 (Hart) > 265 (Kompany) Lower
33%
Chris Sutton 343 (Barmby) > 255 (Sutton) Lower
31%
Thierry Henry 288 (Hasselbaink) > 258 (Henry) Lower
28%
Alan Shearer 468 (Crouch) > 441 (Shearer) Lower
20%
No matching quizzes found
Score Distribution
Percent of People with Each Score
Percentile by Number Answered
Your Score History
You have not taken this quiz